000 00429 a2200145 4500
005 20250430101627.0
020 _a81-224-1824-4
082 _a658. 151 RAO
100 _aRAO, M. E. T.
245 _aAccounting for Managers
260 _aNew Delhi,
_bNew Age International Publishers
_c2010.
300 _a1274p.: ill.; figure, table.
_c24cm.
856 _yAccess online book
_fAccounting
_dwww.newagepublishers.com
942 _2ddc
_cBKS
999 _c1824
_d1824